| 000 | 00635nam 22002173 4500 | ||
|---|---|---|---|
| 001 | 199764 | ||
| 010 | _a978-989-9202-25-2 | ||
| 021 |
_aPT _b537411/24 |
||
| 090 | _a199764 | ||
| 100 | _a20260107d u||y0pory50 ba | ||
| 200 |
_aO Arauto vol. I _fargumento e arte Ruben Mocho, co-escrita Allen Dunford _gtradução Bruno Caetano |
||
| 205 | _a1ª | ||
| 210 |
_aPrior Velho _cA Seita C.R.L. _d2024 |
||
| 215 |
_a65, [7] p. _cil. ; encadernado _d28 cm |
||
| 606 |
_91586 _aDesenho Artístico |
||
| 610 | _aBanda Desenhada | ||
| 675 |
_a74 _vPT _zpor |
||
| 700 |
_915562 _aMocho _bRuben |
||
| 801 |
_aPT _bBMMN _gRPC |
||
| 830 | _cIsabel | ||
| 990 | _cLIVROS | ||